000 00582nam a22002417a 4500
003 UA-OsUOA
001 32200
007 ta
008 20050125b un ||||| |||| 00| 0 ukr d
100 _aШтреб Ксавер
090 _a141.82:929
_bШ93
942 _cBK
040 _aUA-OsUOA
_brus
_cUA-OsUOA
_dUA-OsUOA
245 _aЛенин в Германии
300 _a56 с.
_bІлюстрації
955 _a0
041 _arus
080 _a141.82:929
260 _aМосква
_bПолитиздат
_c1959
044 _aRU
650 7 _2UDC
999 _c318639
_d318639